[Event "EVERY START #XI  Caro-Kann: Advanced Variation "]
[Site "SchemingMind.com"]
[Date "2016.07.28"]
[Round "-"]
[White "DANDYLIONHONEYBADGER"]
[Black "Wojtek26"]
[Result "1-0"]
[WhiteCountry "USA"]
[BlackCountry "POL"]
[WhiteElo "1337"]
[WhiteRD "66"]
[BlackElo "1469"]
[BlackRD "44"]
[GameID "401803"]

1. e4 c6 2. d4 d5 3. e5 Bf5 4. Bd3 Bxd3 5. Qxd3 g6 6. Bf4 Bg7 7. Nf3 e6 8. Bg5 f6 9. Be3 Nd7 10. exf6 Ngxf6
11. O-O O-O 12. Nc3 Ng4 13. Bg5 Bf6 14. Bxf6 Qxf6 15. h3 Nh6 16. b4 b5 17. a3 Nb6 18. Rae1 Nc4 19. a4 a6 20. a5 Rae8
21. Ne5 Nxe5 22. dxe5 Qf5 23. Qxf5 Rxf5 24. f3 Nf7 25. g4 Rxe5 26. Ne2 Nd6 27. f4 Re3 28. h4 Nc4 29. Nd4 e5 30. Nxc6
1-0

[Event "EVERY START #XI  Caro-Kann: Advanced Variation "]
[Site "SchemingMind.com"]
[Date "2016.07.28"]
[Round "-"]
[White "Wojtek26"]
[Black "DANDYLIONHONEYBADGER"]
[Result "1-0"]
[WhiteCountry "POL"]
[BlackCountry "USA"]
[WhiteElo "1469"]
[WhiteRD "44"]
[BlackElo "1337"]
[BlackRD "66"]
[GameID "401804"]

1. e4 c6 2. d4 d5 3. e5 Bf5 4. Nf3 h6 5. Be2 Nd7 6. O-O g5 7. c4 e6 8. c5 f6 9. exf6 Ngxf6 10. Bd3 Bxd3
11. Qxd3 Rg8 12. Ne5 Nxe5 13. dxe5 Ne4 14. b4 Qd7 15. Nd2 O-O-O 16. Nb3 h5 17. a4 Bg7 18. Bb2 g4 19. b5 h4 20. bxc6 bxc6
21. Na5 Nxc5 22. Qe2 Bh6 23. Ba3 Ne4 24. Qa6+ Kb8 25. Rab1+ Ka8 26. Rb7
1-0

[Event "EVERY START #XI  Caro-Kann: Advanced Variation "]
[Site "SchemingMind.com"]
[Date "2016.08.07"]
[Round "-"]
[White "private napoleon"]
[Black "DANDYLIONHONEYBADGER"]
[Result "1-0"]
[WhiteCountry "ENG"]
[BlackCountry "USA"]
[WhiteElo "1804"]
[WhiteRD "85"]
[BlackElo "1312"]
[BlackRD "64"]
[GameID "402141"]

1. e4 c6 2. d4 d5 3. e5 e6 4. f4 g6 5. Nf3 Nh6 6. Bd3 Bd7 7. O-O c5 8. c3 Ng4 9. Qe2 Be7 10. Nbd2 c4
11. Bc2 b5 12. a4 b4 13. h3 Nh6 14. g4 b3 15. Nxb3 Na6 16. Nbd2 O-O 17. Kg2 Nc7 18. Rh1 f6 19. Nf1 a5 20. Ng3 f5
21. g5 Nf7 22. h4 h6 23. gxh6 Nxh6 24. Ng5 Ng4 25. Bd2 Qb8 26. Bc1 Kg7 27. h5 Rh8 28. Rb1 gxh5 29. Nxh5+ Kg6 30. Qxg4
1-0

[Event "EVERY START #XI  Caro-Kann: Advanced Variation "]
[Site "SchemingMind.com"]
[Date "2016.08.07"]
[Round "-"]
[White "DANDYLIONHONEYBADGER"]
[Black "private napoleon"]
[Result "0-1"]
[WhiteCountry "USA"]
[BlackCountry "ENG"]
[WhiteElo "1327"]
[WhiteRD "69"]
[BlackElo "1804"]
[BlackRD "87"]
[GameID "402142"]

1. e4 c6 2. d4 d5 3. e5 Bf5 4. Bd3 Bg6 5. Bxg6 hxg6 6. Nf3 e6 7. Bf4 Ne7 8. g4 Nd7 9. Nc3 Qa5 10. a3 Qc7
11. O-O f6 12. Qe1 f5 13. g5 b6 14. b4 b5 15. a4 Qb7 16. a5 a6 17. Qe3 Kf7 18. h4 Nc8 19. Ne2 Bxb4 20. c3 Be7
21. Ng3 Na7 22. Rab1 Bd8 23. Ra1 Qc8 24. Ne2 Bc7 25. Nc1 Qd8 26. Nb3 c5 27. dxc5 Nc6 28. Kg2 Nxa5 29. Nbd4 Nb8 30. c6 Naxc6
31. Nxc6 Nxc6 32. Qc5 Qd7 33. Rfd1 Na5 34. Nd4 Rhb8 35. Nxe6 Kxe6 36. Rab1 Nc4 37. Rd3 Bb6 38. Qb4 Qc6 39. f3 Qc5 40. Kg3 Qf2+
41. Kh3 Rh8 42. Re3 Rxh4#
0-1

[Event "EVERY START #XI  Caro-Kann: Advanced Variation "]
[Site "SchemingMind.com"]
[Date "2016.08.07"]
[Round "-"]
[White "private napoleon"]
[Black "Wojtek26"]
[Result "1-0"]
[WhiteCountry "ENG"]
[BlackCountry "POL"]
[WhiteElo "1824"]
[WhiteRD "86"]
[BlackElo "1469"]
[BlackRD "44"]
[GameID "402143"]

1. e4 c6 2. d4 d5 3. e5 Bf5 4. h4 e6 5. g4 Be4 6. f3 Bb4+ 7. c3 Bxb1 8. cxb4 Bxa2 9. Rxa2 Qb6 10. Qd2 Ne7
11. Bd3 O-O 12. Bb1 f6 13. f4 fxe5 14. fxe5 Ng6 15. Ne2 Nd7 16. h5 Ne7 17. Qc3 Rf7 18. Bd2 a6 19. Nf4 Nf8 20. Qd3 Kh8
21. Nxe6
1-0

[Event "EVERY START #XI  Caro-Kann: Advanced Variation "]
[Site "SchemingMind.com"]
[Date "2016.08.07"]
[Round "-"]
[White "Wojtek26"]
[Black "private napoleon"]
[Result "0-1"]
[WhiteCountry "POL"]
[BlackCountry "ENG"]
[WhiteElo "1469"]
[WhiteRD "44"]
[BlackElo "1824"]
[BlackRD "86"]
[GameID "402144"]

1. e4 c6 2. d4 d5 3. e5 Bf5 4. Nf3 e6 5. Bd3 Ne7 6. O-O Bg6 7. Nh4 Nd7 8. Nxg6 hxg6 9. Qg4 Nf5 10. Bg5 Qb6
11. b3 Qxd4 12. Qxd4 Nxd4 13. Nd2 Nxe5 14. f4 Nxd3 15. cxd3 Bc5 16. Kh1 Nf5 17. Nf3 Ng3#
0-1

[Event "EVERY START #XI  Caro-Kann: Advanced Variation "]
[Site "SchemingMind.com"]
[Date "2016.08.10"]
[Round "-"]
[White "emvarela"]
[Black "private napoleon"]
[Result "1/2-1/2"]
[WhiteCountry "ARG"]
[BlackCountry "ENG"]
[WhiteElo "1719"]
[WhiteRD "51"]
[BlackElo "1804"]
[BlackRD "85"]
[GameID "402253"]

1. e4 c6 2. d4 d5 3. e5 Bf5 4. Nc3 e6 5. Bd3 Bg6 6. Bxg6 hxg6 7. Nf3 Ne7 8. Bd2 Nd7 9. Qe2 Nf5 10. g4 Nh4
11. Nxh4 Qxh4 12. O-O-O b5 13. f4 Qd8 14. g5 a5 15. h4 Rh5 16. a3 b4 17. axb4 axb4 18. Nb1 Ra1 19. Qd3 Qa5 20. c4 Nb6
21. cxd5 cxd5 22. Qb3 Nc4 23. Kc2 Rh8 24. Nc3 Rxd1 25. Rxd1 Nxd2 26. Rxd2 bxc3 27. Qb8+ Qd8 28. Qb5+ Qd7 29. Qb8+ Qd8=
1/2-1/2

[Event "EVERY START #XI  Caro-Kann: Advanced Variation "]
[Site "SchemingMind.com"]
[Date "2016.08.08"]
[Round "-"]
[White "private napoleon"]
[Black "emvarela"]
[Result "1/2-1/2"]
[WhiteCountry "ENG"]
[BlackCountry "ARG"]
[WhiteElo "1804"]
[WhiteRD "85"]
[BlackElo "1719"]
[BlackRD "51"]
[GameID "402254"]

1. e4 c6 2. d4 d5 3. e5 c5 4. dxc5 Nc6 5. Bb5 Bd7 6. Bxc6 Bxc6 7. Nf3 Qa5+ 8. Qd2 Qxc5 9. O-O e6 10. Qc3 Qxc3
11. Nxc3 Bc5 12. Nd2 Ne7 13. Nb3 Bb6 14. Kh1 O-O 15. f4 Nf5 16. Bd2 d4 17. Ne2 Bb5 18. Rfe1 Bxe2 19. Rxe2 Rac8 20. c3 dxc3
21. Bxc3 Rfd8 22. Rf1 Nd4 23. Nxd4 Bxd4 24. Bxd4 Rxd4 25. g3 b5=
1/2-1/2

[Event "EVERY START #XI  Caro-Kann: Advanced Variation "]
[Site "SchemingMind.com"]
[Date "2016.08.07"]
[Round "-"]
[White "emvarela"]
[Black "DANDYLIONHONEYBADGER"]
[Result "1-0"]
[WhiteCountry "ARG"]
[BlackCountry "USA"]
[WhiteElo "1719"]
[WhiteRD "51"]
[BlackElo "1312"]
[BlackRD "64"]
[GameID "402255"]

1. e4 c6 2. d4 d5 3. e5 b5 4. Nc3 Be6 5. a3 g6 6. Nf3 Bh6 7. Bxh6 Nxh6 8. Qd2 Nf5 9. b4 h6 10. a4 bxa4
11. Nxa4 Na6 12. Bxa6 O-O 13. Nc5 Bc8 14. Bxc8 Qxc8 15. O-O e6 16. g4 Ne7 17. Qxh6 f6 18. exf6 Rxf6 19. Ng5 Rf7 20. Nxf7 Kxf7
21. Qf4+ Kg7 22. Qe5+ Kh7 23. Nxe6 Qh8 24. Ng5+ Kh6 25. Nf7+
1-0

[Event "EVERY START #XI  Caro-Kann: Advanced Variation "]
[Site "SchemingMind.com"]
[Date "2016.08.06"]
[Round "-"]
[White "DANDYLIONHONEYBADGER"]
[Black "emvarela"]
[Result "0-1"]
[WhiteCountry "USA"]
[BlackCountry "ARG"]
[WhiteElo "1308"]
[WhiteRD "74"]
[BlackElo "1712"]
[BlackRD "55"]
[GameID "402256"]

1. e4 c6 2. d4 d5 3. e5 Bf5 4. g4 Bg6 5. Bd3 Bxd3 6. Qxd3 e6 7. Bd2 Nd7 8. Nc3 f6 9. f4 fxe5 10. dxe5 Bb4
11. O-O-O Nh6 12. Qh3 Bxc3 13. Bxc3 O-O 14. Ne2 c5 15. Rhg1 b5 16. g5 Nf5 17. Bd2 g6 18. Rdf1 a5 19. Ng3 Qe7 20. Nxf5 exf5
21. Re1 c4 22. Be3 Qe6 23. Bd4 b4 24. Bc5 Nxc5 25. Qh6 Nd7 26. h4 a4 27. h5 Nc5 28. Rh1 Ne4 29. Rh2 c3 30. hxg6 Qxg6
31. Reh1 cxb2+ 32. Kxb2 Qxh6 33. Rxh6 Ra7 34. g6 Rc7 35. gxh7+ Kh8 36. R1h2 Rc3 37. e6 a3+ 38. Kc1 Rf3 39. Rh1 Rxf4 40. e7 Re8
41. Rg6 Rg4 42. Rg8+ Rgxg8 43. hxg8=Q+ Kxg8 44. Rg1+ Kf7 45. Kd1 Rxe7 46. Rf1 Ke6 47. Re1 Kd6 48. Re3 Nc3+ 49. Kd2 Rxe3 50. Kxe3 Ke5
51. Kd3 f4
0-1

[Event "EVERY START #XI  Caro-Kann: Advanced Variation "]
[Site "SchemingMind.com"]
[Date "2016.08.05"]
[Round "-"]
[White "emvarela"]
[Black "Wojtek26"]
[Result "1-0"]
[WhiteCountry "ARG"]
[BlackCountry "POL"]
[WhiteElo "1712"]
[WhiteRD "48"]
[BlackElo "1469"]
[BlackRD "44"]
[GameID "402257"]

1. e4 c6 2. d4 d5 3. e5 Bf5 4. Nc3 e6 5. Bd3 Bb4 6. Bxf5 exf5 7. Bd2 f6 8. exf6 Nxf6 9. Qe2+ Kf7 10. O-O-O Re8
11. Qf3 g6 12. a3 Ba5 13. b4 Bb6 14. Nge2 Nbd7 15. Bg5
1-0

[Event "EVERY START #XI  Caro-Kann: Advanced Variation "]
[Site "SchemingMind.com"]
[Date "2016.08.05"]
[Round "-"]
[White "Wojtek26"]
[Black "emvarela"]
[Result "0-1"]
[WhiteCountry "POL"]
[BlackCountry "ARG"]
[WhiteElo "1469"]
[WhiteRD "44"]
[BlackElo "1712"]
[BlackRD "48"]
[GameID "402258"]

1. e4 c6 2. d4 d5 3. e5 c5 4. c3 cxd4 5. cxd4 e6 6. Bb5+ Bd7 7. Qa4 Bxb5 8. Qxb5+ Qd7 9. Qxd7+ Nxd7 10. Nf3 Bb4+
11. Bd2 Bxd2+ 12. Nbxd2 Ne7 13. Rc1 Rc8 14. O-O O-O
0-1

[Event "EVERY START #XI  Caro-Kann: Advanced Variation "]
[Site "SchemingMind.com"]
[Date "2016.08.06"]
[Round "-"]
[White "Geoffrey Rosser"]
[Black "emvarela"]
[Result "0-1"]
[WhiteCountry "ENG"]
[BlackCountry "ARG"]
[WhiteElo "1912"]
[WhiteRD "69"]
[BlackElo "1719"]
[BlackRD "51"]
[GameID "402286"]

1. e4 c6 2. d4 d5 3. e5 Bf5 4. c3 e6 5. Be3 Be7 6. Be2 Nd7 7. Nd2 f6 8. f4 Qb6 9. Nb3 O-O-O 10. Nf3 fxe5
11. fxe5 Nh6 12. Qd2 Nf7 13. O-O h6 14. c4 Be4 15. c5 Qc7 16. a4 Bxf3 17. Bxf3 Bg5 18. Bh5 Bxe3+ 19. Qxe3 Ng5 20. Nd2 b6
21. Be2 Rdf8 22. b4 Kb7 23. Rxf8 Rxf8 24. Nb3 bxc5 25. bxc5 Rb8 26. Qd3 Ka8 27. h4 Ne4 28. a5 Qb7 29. Rb1 Qb4 30. Bd1 Qe1+
31. Qf1 Qxf1+ 32. Kxf1 Nc3 33. Rc1 Nxd1 34. Rxd1 Rxb3 35. Ke2 Ra3 36. Rf1 Ra2+ 37. Kf3 Rxa5 38. Kg4 Ra4 39. Rf7 Rxd4+ 40. Kh5 g6+
41. Kxh6 Rxh4+ 42. Kg7 Nxc5 43. Kxg6 Rg4+ 44. Kh5 Rxg2 45. Rc7 Rc2 46. Rxc6 Kb7 47. Rd6 a5
0-1

[Event "EVERY START #XI  Caro-Kann: Advanced Variation "]
[Site "SchemingMind.com"]
[Date "2016.08.07"]
[Round "-"]
[White "emvarela"]
[Black "Geoffrey Rosser"]
[Result "1-0"]
[WhiteCountry "ARG"]
[BlackCountry "ENG"]
[WhiteElo "1719"]
[WhiteRD "51"]
[BlackElo "1912"]
[BlackRD "69"]
[GameID "402287"]

1. e4 c6 2. d4 d5 3. e5 Bf5 4. Nc3 e6 5. Bd3 Bxd3 6. Qxd3 Ne7 7. Nf3 Ng6 8. Be3 Be7 9. O-O O-O 10. Ne2 Nd7
11. c4 dxc4 12. Qxc4 Nb6 13. Qc3 Nd5 14. Qb3 Nxe3 15. Qxe3 Qb6 16. b3 c5 17. Rfc1 cxd4 18. Qxd4 Qxd4 19. Nexd4 Rfd8 20. Ne2 Rd7
21. Rc2 Rad8 22. Kf1 Rd1+ 23. Rxd1 Rxd1+ 24. Ne1 Nxe5 25. Rc8+ Bf8 26. Nc3 Rd7 27. h3 g6 28. Ne4 Kg7 29. f4 Rd4 30. fxe5 Rxe4
31. Nf3 Ba3 32. Rc7 Rb4 33. Ng5 Rf4+ 34. Ke2 Rf5 35. Nxe6+ Kh6 36. Nd8 Rxe5+ 37. Kf3 Re7 38. Rxe7 Bxe7 39. Nxf7+ Kg7 40. Ne5= Kf6
41. Ng4+= Ke6 42. Ke4 Kd6 43. Kd4 h5 44. Ne3 b5 45. g4 Bh4 46. gxh5 gxh5 47. Nf5+
1-0

[Event "EVERY START #XI  Caro-Kann: Advanced Variation "]
[Site "SchemingMind.com"]
[Date "2016.08.10"]
[Round "-"]
[White "Geoffrey Rosser"]
[Black "private napoleon"]
[Result "0-1"]
[WhiteCountry "ENG"]
[BlackCountry "ENG"]
[WhiteElo "1924"]
[WhiteRD "72"]
[BlackElo "1824"]
[BlackRD "86"]
[GameID "402288"]

1. e4 c6 2. d4 d5 3. e5 c5 4. dxc5 e6 5. Be3 Nh6 6. Bb5+ Nd7 7. c6 bxc6 8. Bxc6 Rb8 9. Bxa7 Qa5+ 10. Nc3 Qxa7
11. Nb5 Rxb5 12. Bxb5 Qa5+ 13. Qd2 Qxb5 14. Nf3 Ba6
0-1

[Event "EVERY START #XI  Caro-Kann: Advanced Variation "]
[Site "SchemingMind.com"]
[Date "2016.08.08"]
[Round "-"]
[White "private napoleon"]
[Black "Geoffrey Rosser"]
[Result "1/2-1/2"]
[WhiteCountry "ENG"]
[BlackCountry "ENG"]
[WhiteElo "1824"]
[WhiteRD "86"]
[BlackElo "1936"]
[BlackRD "75"]
[GameID "402289"]

1. e4 c6 2. d4 d5 3. e5 Bf5 4. Nc3 e6 5. g4 Bg6 6. Nge2 Na6 7. Nf4 Qb6 8. h4 Nb4 9. Nxg6 hxg6 10. a3 Na6
11. Be2 Nh6 12. b4 Qd8 13. Bxa6 bxa6 14. Bf4 f5 15. g5 Ng8 16. Na4 Be7 17. Nc5 Bxc5 18. bxc5 Ne7 19. Bd2 Rh5 20. Qe2 Kf7
21. f4 Qh8 22. Qf2 Rb8 23. Ke2 Rb2 24. Rac1 Qb8 25. Qe3 Qb5+ 26. Qd3 Qxd3+ 27. Kxd3 Ra2 28. Bb4 a5 29. Bxa5 Rxa3+ 30. Bc3 Rh8
31. Rb1 Ra8 32. Ra1 Rxa1 33. Rxa1 Kf8 34. Ra6 Ke8 35. Ba5 Kd7 36. Bb6=
1/2-1/2

[Event "EVERY START #XI  Caro-Kann: Advanced Variation "]
[Site "SchemingMind.com"]
[Date "2016.08.07"]
[Round "-"]
[White "Geoffrey Rosser"]
[Black "DANDYLIONHONEYBADGER"]
[Result "1-0"]
[WhiteCountry "ENG"]
[BlackCountry "USA"]
[WhiteElo "1936"]
[WhiteRD "75"]
[BlackElo "1353"]
[BlackRD "69"]
[GameID "402290"]

1. e4 c6 2. d4 d5 3. e5 e6 4. Nf3 h6 5. Bd3 Be7 6. Nbd2 Nd7 7. O-O f6 8. Nh4 Nf8 9. Bg6+ Kd7 10. c4 b5
11. cxd5 cxd5 12. Bd3 g6 13. Bxb5+ Kc7 14. Qc2+ Kb8 15. exf6 Nxf6 16. Nb3 a6 17. Ba4 Bd7 18. Bxd7 N8xd7 19. Nxg6 Rg8 20. Nxe7 Qxe7
21. Na5 Rc8 22. Qb3+ Nb6 23. Qxb6+
1-0

[Event "EVERY START #XI  Caro-Kann: Advanced Variation "]
[Site "SchemingMind.com"]
[Date "2016.08.06"]
[Round "-"]
[White "DANDYLIONHONEYBADGER"]
[Black "Geoffrey Rosser"]
[Result "0-1"]
[WhiteCountry "USA"]
[BlackCountry "ENG"]
[WhiteElo "1337"]
[WhiteRD "66"]
[BlackElo "1924"]
[BlackRD "72"]
[GameID "402291"]

1. e4 c6 2. d4 d5 3. e5 Bf5 4. g4 Be4 5. f3 Bg6 6. Bd3 Bxd3 7. Qxd3 e6 8. c3 Qh4+ 9. Kd1 Nd7 10. Be3 h5
11. h3 hxg4 12. Qf1 gxf3 13. Nxf3 Qh5 14. Nd2 Nh6 15. b4 Nf5 16. Qf2 Nxe3+ 17. Qxe3 Be7 18. Kc2 Qf5+ 19. Kb2 Rxh3 20. Rh2 Rxh2
21. Rf1 Rh3 22. Ka3 a5
0-1

[Event "EVERY START #XI  Caro-Kann: Advanced Variation "]
[Site "SchemingMind.com"]
[Date "2016.08.06"]
[Round "-"]
[White "Geoffrey Rosser"]
[Black "Wojtek26"]
[Result "1-0"]
[WhiteCountry "ENG"]
[BlackCountry "POL"]
[WhiteElo "1924"]
[WhiteRD "72"]
[BlackElo "1469"]
[BlackRD "44"]
[GameID "402292"]

1. e4 c6 2. d4 d5 3. e5 Bf5 4. c3 e6 5. Be3 f6 6. f4 Nd7 7. Nf3 Qb6 8. Qb3 Qxb3 9. axb3 Ne7 10. Nbd2 Ng6
11. h3 Be7 12. g4 Be4 13. Nxe4 dxe4 14. Nd2 O-O 15. Nxe4 fxe5 16. fxe5 Bh4+ 17. Kd2 Nf4 18. Rh2 Rad8 19. Bxf4 Rxf4 20. Ke3 Rdf8
21. Be2 Bf2+ 22. Nxf2
1-0

[Event "EVERY START #XI  Caro-Kann: Advanced Variation "]
[Site "SchemingMind.com"]
[Date "2016.08.07"]
[Round "-"]
[White "Wojtek26"]
[Black "Geoffrey Rosser"]
[Result "0-1"]
[WhiteCountry "POL"]
[BlackCountry "ENG"]
[WhiteElo "1469"]
[WhiteRD "44"]
[BlackElo "1924"]
[BlackRD "72"]
[GameID "402293"]

1. e4 c6 2. d4 d5 3. e5 Bf5 4. Nf3 e6 5. Be2 c5 6. O-O Nc6 7. dxc5 Bxc5 8. Nc3 Nge7 9. Bg5 O-O 10. Bb5 a6
11. Nh4 axb5 12. Nxb5 Qd7 13. Nd6 Bg6 14. Nxg6 Nxg6 15. a3 Ncxe5
0-1

[Event "EVERY START #XI  Caro-Kann: Advanced Variation "]
[Site "SchemingMind.com"]
[Date "2016.08.08"]
[Round "-"]
[White "Glenn O'Brien"]
[Black "Geoffrey Rosser"]
[Result "0-1"]
[WhiteCountry "AUS"]
[BlackCountry "ENG"]
[WhiteElo "1994"]
[WhiteRD "86"]
[BlackElo "1924"]
[BlackRD "72"]
[GameID "402344"]

1. e4 c6 2. d4 d5 3. e5 Na6 4. Bxa6 Qa5+ 5. Nc3 Qxa6 6. f4 e6 7. Nge2 c5 8. O-O Nh6 9. Qd3 Qxd3 10. cxd3 Nf5
11. g4 Nxd4 12. Nxd4 cxd4 13. Nb5 Kd7 14. Nxd4 a6 15. Be3 h5 16. g5 g6 17. Rac1 b5 18. Rf2 Bb7 19. Rfc2 Rc8 20. Rxc8 Bxc8
21. Nc6 Bg7 22. Nb8+ Ke7 23. Rc7+ Kd8 24. Rxf7 Rg8 25. Bb6+ Ke8 26. Bc7 Kxf7 27. Nc6 Bf8 28. h4 Ke8 29. Bb6 Rg7 30. Kh2 Rb7
31. Ba5 Bd7 32. Nd4 Bc5 33. Nb3 Be3 34. Kg3 b4 35. d4 Ba4 36. Bxb4 Bxb3 37. Bc5 Bxa2 38. b4 Bd2 39. Kf3 Bxb4 40. Ke3 Bxc5
0-1

[Event "EVERY START #XI  Caro-Kann: Advanced Variation "]
[Site "SchemingMind.com"]
[Date "2016.08.07"]
[Round "-"]
[White "Geoffrey Rosser"]
[Black "Glenn O'Brien"]
[Result "0-1"]
[WhiteCountry "ENG"]
[BlackCountry "AUS"]
[WhiteElo "1924"]
[WhiteRD "72"]
[BlackElo "1994"]
[BlackRD "86"]
[GameID "402345"]

1. e4 c6 2. d4 d5 3. e5 Bf5 4. Ne2 e6 5. Ng3 Bg6 6. h4 h6 7. h5 Bh7 8. Nc3 Nd7 9. Bd3 Ne7 10. Bxh7 Rxh7
11. Qd3 Rh8 12. f4 c5 13. dxc5 Nc6 14. Be3 Nxc5 15. Qb5 a6 16. Qe2 Qb6 17. b3 d4 18. Nge4 Nxe4 19. Nxe4 dxe3 20. c3 Nd4
21. cxd4 Qxd4 22. Qc4 Qxa1+
0-1

[Event "EVERY START #XI  Caro-Kann: Advanced Variation "]
[Site "SchemingMind.com"]
[Date "2016.08.09"]
[Round "-"]
[White "Glenn O'Brien"]
[Black "emvarela"]
[Result "1-0"]
[WhiteCountry "AUS"]
[BlackCountry "ARG"]
[WhiteElo "2010"]
[WhiteRD "88"]
[BlackElo "1728"]
[BlackRD "49"]
[GameID "402346"]

1. e4 c6 2. d4 d5 3. e5 c5 4. dxc5 Nc6 5. Bb5 a6 6. Ba4 e6 7. Bxc6+ bxc6 8. b4 f6 9. Nf3 Bd7 10. O-O fxe5
11. Nxe5 g6 12. Nxd7 Qxd7 13. Bb2 Bg7 14. Bxg7 Qxg7 15. Nd2 Ne7 16. Re1 Kd7 17. Nc4 Rae8 18. Nb6+ Kc7 19. Rxe6 Nf5 20. Rxe8 Rxe8
21. c4 dxc4 22. Nxc4 Rd8 23. Qf1 Qd4 24. Rb1 Re8 25. Rd1 Qg4 26. Qd3 Ne7 27. h3
1-0

[Event "EVERY START #XI  Caro-Kann: Advanced Variation "]
[Site "SchemingMind.com"]
[Date "2016.08.08"]
[Round "-"]
[White "emvarela"]
[Black "Glenn O'Brien"]
[Result "0-1"]
[WhiteCountry "ARG"]
[BlackCountry "AUS"]
[WhiteElo "1719"]
[WhiteRD "51"]
[BlackElo "2004"]
[BlackRD "86"]
[GameID "402347"]

1. e4 c6 2. d4 d5 3. e5 Bf5 4. Nc3 e6 5. Bd3 Bxd3 6. Qxd3 Qb6 7. b3 Qa6 8. Qxa6 Nxa6 9. a3 f6 10. Nf3 fxe5
11. dxe5 Nc5 12. Be3 Nh6 13. Bxh6 gxh6 14. O-O Bg7 15. Rfe1 O-O 16. Nd4 h5 17. b4 Ne4 18. Nxe6 Nxc3 19. Nxf8 Rxf8 20. g3 Nb5
21. f4 Nd4 22. c3 Nc2 23. Kf2 Nxa1 24. Rxa1 Bxe5 25. Rc1 h4 26. a4 hxg3+ 27. hxg3 Bh8 28. c4 d4 29. Kf3 Re8 30. c5 Re3+
31. Kf2 Rb3
0-1

[Event "EVERY START #XI  Caro-Kann: Advanced Variation "]
[Site "SchemingMind.com"]
[Date "2016.08.09"]
[Round "-"]
[White "Glenn O'Brien"]
[Black "private napoleon"]
[Result "1-0"]
[WhiteCountry "AUS"]
[BlackCountry "ENG"]
[WhiteElo "2043"]
[WhiteRD "83"]
[BlackElo "1804"]
[BlackRD "87"]
[GameID "402348"]

1. e4 c6 2. d4 d5 3. e5 Bf5 4. Nf3 e6 5. Be2 Nd7 6. O-O h6 7. Nbd2 Qb6 8. c4 Ne7 9. Nb3 g5 10. Bd2 Bg7
11. Ba5 Qa6 12. cxd5 b5 13. d6 Nd5 14. Bd3 Bxd3 15. Qxd3 Qc8 16. Rfc1 Qb7 17. Qc2 Rc8 18. Bd2 Qa8 19. Nc5 Nxc5 20. Qxc5 Kd7
21. a4 a6 22. axb5 cxb5 23. Qa3 Rxc1+ 24. Rxc1 Rc8 25. Rxc8 Qxc8 26. b3 Qb7 27. Qc1 Qc6 28. Qxc6+ Kxc6 29. Ne1 b4 30. Nd3 a5
31. Nc5 Nb6 32. Be3 Nd7 33. Nxd7 Kxd7 34. g3 Bf8 35. f4 gxf4 36. gxf4 h5 37. Kg2 Bh6 38. Kf3 h4 39. Kg4 h3 40. Bd2 Kc6
41. Kxh3 a4 42. bxa4 b3 43. Bc3 Bxf4 44. Bb2 Bd2 45. Kg2 Ba5 46. h4 Kd7 47. h5 Ke8 48. h6 Kf8 49. d7 Kg8 50. Bc3 Bd8
51. a5 b2 52. Bxb2 Bxa5 53. Ba3 Bd8 54. Kg3 Kh7 55. Bf8 Kg8 56. Bg7
1-0

[Event "EVERY START #XI  Caro-Kann: Advanced Variation "]
[Site "SchemingMind.com"]
[Date "2016.08.08"]
[Round "-"]
[White "private napoleon"]
[Black "Glenn O'Brien"]
[Result "0-1"]
[WhiteCountry "ENG"]
[BlackCountry "AUS"]
[WhiteElo "1824"]
[WhiteRD "86"]
[BlackElo "2010"]
[BlackRD "88"]
[GameID "402349"]

1. e4 c6 2. d4 d5 3. e5 Bf5 4. Nf3 e6 5. Be2 Nd7 6. O-O Ne7 7. Re1 h6 8. Nbd2 Bh7 9. Nf1 c5 10. c3 c4
11. b3 Qa5 12. bxc4 Qxc3 13. Bd2 Qb2 14. c5 f6 15. Qa4 Be4 16. Bb5 Rd8 17. Ba5 Bc2 18. Bxd7+ Rxd7 19. Qb4 Qxb4 20. Bxb4 Be4
21. N1d2 Nc6 22. Ba3 f5 23. Red1 Be7 24. Rac1 O-O 25. Bb2 Nb4 26. Nxe4 dxe4 27. Ne1 Rfd8 28. a3 Nc6 29. d5 Rxd5 30. Rxd5 Rxd5
31. Rb1 Bxc5
0-1

[Event "EVERY START #XI  Caro-Kann: Advanced Variation "]
[Site "SchemingMind.com"]
[Date "2016.08.12"]
[Round "-"]
[White "Glenn O'Brien"]
[Black "DANDYLIONHONEYBADGER"]
[Result "1-0"]
[WhiteCountry "AUS"]
[BlackCountry "USA"]
[WhiteElo "2010"]
[WhiteRD "88"]
[BlackElo "1353"]
[BlackRD "69"]
[GameID "402350"]

1. e4 c6 2. d4 d5 3. e5 e6 4. Nf3 h6 5. Bd3 g6 6. O-O f6 7. Nh4 Rh7 8. Bxg6+ Rf7 9. Bxf7+ Kxf7 10. Qg4 Ke7
11. Qxg8 Kd7 12. Qh7+ Qe7 13. Qg6 Qg7 14. exf6 Qxg6 15. Nxg6 Bd6 16. f7 h5 17. Bf4 Bxf4 18. f8=Q Kc7 19. Nxf4 Nd7 20. Nxe6+ Kb6
21. Qb4+ Ka6 22. Nc7#
1-0

[Event "EVERY START #XI  Caro-Kann: Advanced Variation "]
[Site "SchemingMind.com"]
[Date "2016.08.12"]
[Round "-"]
[White "DANDYLIONHONEYBADGER"]
[Black "Glenn O'Brien"]
[Result "0-1"]
[WhiteCountry "USA"]
[BlackCountry "AUS"]
[WhiteElo "1353"]
[WhiteRD "69"]
[BlackElo "2010"]
[BlackRD "88"]
[GameID "402351"]

1. e4 c6 2. d4 d5 3. e5 Bf5 4. Bd3 Bxd3 5. Qxd3 e6 6. Nf3 Nd7 7. Bg5 Ne7 8. O-O Qb6 9. b3 c5 10. Nc3 cxd4
11. Qxd4 Qxd4 12. Nxd4 Nxe5 13. Ncb5 Kd7 14. f3 N7c6 15. Nxc6 bxc6 16. Nd4 Bc5 17. c3 Nd3 18. b4 Nxb4 19. cxb4 Bxd4+ 20. Kh1 Bxa1
21. Rxa1 f6 22. Bh4 e5 23. a3 Rad8 24. g3 g5
0-1

[Event "EVERY START #XI  Caro-Kann: Advanced Variation "]
[Site "SchemingMind.com"]
[Date "2016.08.08"]
[Round "-"]
[White "Glenn O'Brien"]
[Black "Wojtek26"]
[Result "1-0"]
[WhiteCountry "AUS"]
[BlackCountry "POL"]
[WhiteElo "1998"]
[WhiteRD "85"]
[BlackElo "1571"]
[BlackRD "51"]
[GameID "402352"]

1. e4 c6 2. d4 d5 3. e5 Bf5 4. Nf3 e6 5. Be2 f6 6. O-O Nd7 7. c4 fxe5 8. dxe5 dxc4 9. Bxc4 h6 10. Nc3 Qc7
11. Re1 g5 12. Nd4 O-O-O 13. Bxe6 Bxe6 14. Nxe6 Qb6 15. Be3 Qxb2 16. Na4 Re8 17. Nxf8 Qxe5 18. Qxd7+
1-0

[Event "EVERY START #XI  Caro-Kann: Advanced Variation "]
[Site "SchemingMind.com"]
[Date "2016.08.07"]
[Round "-"]
[White "Wojtek26"]
[Black "Glenn O'Brien"]
[Result "0-1"]
[WhiteCountry "POL"]
[BlackCountry "AUS"]
[WhiteElo "1469"]
[WhiteRD "44"]
[BlackElo "1994"]
[BlackRD "86"]
[GameID "402353"]

1. e4 c6 2. d4 d5 3. e5 Bf5 4. Nf3 e6 5. Be2 Nd7 6. O-O Ne7 7. c4 c5 8. Nc3 dxc4 9. Bxc4 a6 10. Nh4 cxd4
11. Ne2 Nxe5 12. Bb3 Bd3 13. Bc2 Bxc2 14. Qxc2 d3 15. Qc3 dxe2 16. Re1 N7c6 17. Bf4 Bb4 18. Qe3 Bxe1 19. Rxe1 Ng4 20. Qxe2 Qxh4
21. h3 Nf6 22. Bg3 Qa4 23. a3 O-O 24. Be5 Nxe5
0-1